| 000 | 00944nam a22002657a 4500 | ||
|---|---|---|---|
| 005 | 20110727105058.0 | ||
| 008 | 110727t xxu||||| |||| 00| 0 eng d | ||
| 010 | _aENG-103150 | ||
| 020 |
_a9788120343696 _c450.00 |
||
| 035 | _aEN-86683 | ||
| 037 | _bDBAD / PUB | ||
| 040 |
_adpl _bEnglish |
||
| 082 | _a070.4 | ||
| 100 | K |
_929868 _aStovall, James Glen |
|
| 245 |
_aJournalism : _cby James Glen Stovall. _bwho, what, when, where, why, and how / |
||
| 260 |
_aNew Delhi _bPHI Learning _c2011 |
||
| 270 |
_aM-97, Connaught Circus _bNew Delhi _e110001 |
||
| 300 |
_axxiii,504p. : _c24cm (pbk) _bill. |
||
| 500 | _aIncludes bibliographical references and index | ||
| 650 |
_929869 _aJournalism. |
||
| 651 | _91549 | ||
| 700 | _929871 | ||
| 942 |
_2ddc _cEN _h070.4 _mSTO |
||
| 999 |
_c54429 _d54429 |
||